Az intenzív terápiás osztályon ápolt gyerekek orálhigiénés helyzetének felmérése

Elmentve itt :
Bibliográfiai részletek
Szerzők: Siklós Fanni
Dinnyés Katalin Julianna
Dokumentumtípus: Cikk
Megjelent: 2025
Sorozat:DENTAL HIGIÉNIA 3 No. 2
Tárgyszavak:
mtmt:36403580
Online Access:http://publicatio.bibl.u-szeged.hu/38757
LEADER 00707nab a2200205 i 4500
001 publ38757
005 20260119125550.0
008 260119s2025 hu o 000 hun d
022 |a 3004-0264 
024 7 |a 36403580  |2 mtmt 
040 |a SZTE Publicatio Repozitórium  |b hun 
041 |a hun 
100 1 |a Siklós Fanni 
245 1 3 |a Az intenzív terápiás osztályon ápolt gyerekek orálhigiénés helyzetének felmérése  |h [elektronikus dokumentum] /  |c  Siklós Fanni 
260 |c 2025 
300 |a 62-66 
490 0 |a DENTAL HIGIÉNIA  |v 3 No. 2 
650 4 |a Egészségtudományok 
700 0 1 |a Dinnyés Katalin Julianna  |e aut 
856 4 0 |u http://publicatio.bibl.u-szeged.hu/38757/1/CCF_000168.pdf  |z Dokumentum-elérés